000 00395nam a2200133Ia 4500
008 100328s9999 xx 000 0 und d
082 _b29149
100 _aवरेरकर भार्गवराम विठ्ठल-अनु.
245 _aपरिणीता
260 _bनवभारत
630 _aपरिणीता
730 _aपरिणीता
942 _cBOOK
999 _c520238
_d520235